000 01341cam a2200181 4500500
005 20251228052840.0
041 _afre
042 _adc
100 1 0 _aKingsnorth, Paul
_eauthor
700 1 0 _aLefèvre, Mathias
_eauthor
245 0 0 _aPlanter des arbres à l’Anthropocène
260 _c2018.
500 _a47
520 _aL’expérience concrète des désastres écologiques et le sentiment de notre dépendance vis-à-vis de la Terre réveillent notre sensibilité, suscitent des recherches et réactualisent des savoirs et des résistances oubliés. « Quelque chose se passe » du côté des liens à la Terre et des manières de l’habiter, de l’attention aux humains, aux autres qu’humains et à l’inhumain.
520 _aThe concrete experience of ecological disasters and the awareness that we depend on the Earth reawaken our sensitivity, arouse researches and bring forgotten knowledges and resistances up to date. « Something is happening » regarding our relation to the Earth and our ways of inhabiting it, regarding also the attention to human beings, to other-than-human beings and to inhuman events.
786 0 _nÉcologie & Politique | 57 | 2 | 2018-12-04 | p. 25-38 | 1166-3030
856 4 1 _uhttps://shs.cairn.info/revue-ecologie-et-politique-2018-2-page-25?lang=fr&redirect-ssocas=7080
999 _c1584647
_d1584647